Crisis económica y cambios en el sistema financiero / (Registro nro. 12040)

Detalles MARC
000 -LEADER
fixed length control field 03239nam a2200265Ia 4500
003 - CONTROL NUMBER IDENTIFIER
control field OSt
005 - DATE AND TIME OF LATEST TRANSACTION
control field 20210727153923.0
008 - FIXED-LENGTH DATA ELEMENTS--GENERAL INFORMATION
fixed length control field 210310s2014 sp ad gr 000 0 spa d
020 ## - INTERNATIONAL STANDARD BOOK NUMBER
International Standard Book Number 9788483198797
040 ## - CATALOGING SOURCE
Original cataloging agency CO-JMCR
Transcribing agency CO-JMCR
041 0# - LANGUAGE CODE
Language code of text/sound track or separate title spa
082 04 - DEWEY DECIMAL CLASSIFICATION NUMBER
Classification number 338.542 /
Item number R696c
Edition number 23
100 1# - MAIN ENTRY--PERSONAL NAME
Personal name Rodriguez Lopez, Julio,
Relator term autor
9 (RLIN) 27124
245 10 - TITLE STATEMENT
Title Crisis económica y cambios en el sistema financiero /
Statement of responsibility, etc. Julio Rodríguez López
260 ## - PUBLICATION, DISTRIBUTION, ETC.
Place of publication, distribution, etc. Madrid, España :
Name of publisher, distributor, etc. Catarata,
Date of publication, distribution, etc. 2014
300 ## - PHYSICAL DESCRIPTION
Extent 1235 páginas :
Other physical details ilustraciones y gráficas en blanco y negro ;
Dimensions 21 cm.
490 0# - SERIES STATEMENT
Series statement Serie Economía política
501 ## - WITH NOTE
With note Con: notas al final de cada capitulo.
505 0# - FORMATTED CONTENTS NOTE
Formatted contents note La formación de la burbuja inmobiliaria. El ladrillo invadió los balances bancarios. La década 'prodigiosa 1997-2007 13. -- La tormenta perfecta de 2007-2008. Un largo periodo de recesión. -- El largo y tortuoso proceso de reestructuración del sistema financiero. Los problemas de la supervisión bancaria compartida. -- 2012: el año de todos los peligros. De los reales decretos 'guindos' al 'banco malo' . -- Los cambios en marcha. Un mapa registrado de entidades de crédito. -- Implicaciones de una unión bancaria. -- Reflexiones sobre un proceso no acabado. <br/>
520 0# - SUMMARY, ETC.
Summary, etc. Analizar los motivos que desencadenaron la crítica situación que ha atravesado el sistema financiero español y proponer los cambios que se deben llevar a cabo para poner fin a uno de los periodos más convulsos de nuestra economía son el objetivo que Julio Rodríguez López se plantea en este libro. La crisis financiera internacional que se inició en 2007 en Estados Unidos por el problema de las hipotecas basura y que llevó a la quiebra de Lehman Brothers en 2008 provocó un colapso de los mercados financieros que se transmitió rápidamente a Europa. Aunque el sector financiero español resistió inicial mente la crisis mejor que otros países, el cierre de los mercados financieros mayoristas llevó a una fuerte restricción crediticia que desató la "tormenta perfecta" que se produjo en el negocio inmobiliario y de la construcción en España y en las entidades de crédito que lo habían financiado; en ese mismo año comenzaba así la crisis que pondría al descubierto otro de los problemas del sistema financiero: la gestión de las cajas de ahorros. Desde entonces se han sucedido toda una serie de medidas políticas y económicas por parte de los distintos gobiernos cuyo impacto, aunque ya se esté hablando del fin de la recesión, no ha supuesto ni de lejos el final de la crisis. Como advierte el autor, no se puede afirmar que el proceso haya terminado, a la vista de la enorme restricción de crédito que sufren las empresas y familias españolas, de la ele da morosidad que afecta a las carteras de crédito de las entidades financieras y de las mediocres cuentas de resultados y que han registrado, así como por la posible mayor concentración que puede tener lugar cuando el sector publiqué de su participación en un significativo segmento de sistema financiero.
650 14 - SUBJECT ADDED ENTRY--TOPICAL TERM
Topical term or geographic name entry element Crisis económica.
9 (RLIN) 38798
650 24 - SUBJECT ADDED ENTRY--TOPICAL TERM
Topical term or geographic name entry element Cambios en sistemas financieros
9 (RLIN) 38799
650 24 - SUBJECT ADDED ENTRY--TOPICAL TERM
Topical term or geographic name entry element Burbuja inmobiliaria
9 (RLIN) 38800
942 ## - ADDED ENTRY ELEMENTS (KOHA)
Source of classification or shelving scheme Dewey Decimal Classification
Koha item type Books
Existencias
Withdrawn status Lost status Source of classification or shelving scheme Damaged status Not for loan Home library Current library Shelving location Date acquired Source of acquisition Full call number Barcode Date last seen Copy number Price effective from Koha item type
    Dewey Decimal Classification     Biblioteca Pública José María del Castillo y Rada Biblioteca Pública José María del Castillo y Rada General Stacks 04/15/2018 Donación 338.542 / R696c 430002376 05/16/2024 Ej.1 03/10/2021 Books